| 000 | 00845nam a2200253 a 4500 | ||
|---|---|---|---|
| 001 | BRL_1577 | ||
| 005 | 20190320211254.0 | ||
| 008 | 070815s19uu----mx-o######---#000-0#spa-# | ||
| 041 | _aspa | ||
| 044 | _amx | ||
| 050 | 4 |
_aGT4814 _b.C3 1900 |
|
| 110 | 2 |
_aMéxico _bDepartamento de Turismo _927340 |
|
| 245 | 1 | 0 |
_aCalendario de fiestas mexicanas. _cEl texto due redactado por Gutierre y Carletto Tibón. |
| 260 |
_aMéxico _bDepartamento de Turismo del Gobierno de México _c[19--] |
||
| 300 |
_a169 p. _bil. (algunas a color), fotografías _c30 cm. |
||
| 500 | _aAu1778 | ||
| 500 | _aIncluye índice alfabético de poblaciones y fechas | ||
| 650 | 1 | 4 |
_aFestivales _zMéxico _927341 |
| 650 | 1 | 4 |
_aDías festivos _zMéxico _926586 |
| 700 | 1 |
_aTibón, Gutierre _922612 |
|
| 700 | 1 |
_aTibón, Carletto _927342 |
|
| 902 | _aGRL | ||
| 942 |
_2lcc _cB |
||
| 999 |
_c10386 _d10386 |
||